| 000 | 00648nam a22002297a 4500 | ||
|---|---|---|---|
| 999 |
_c14004 _d14004 |
||
| 001 | 16533 | ||
| 003 | MIRAKIL | ||
| 005 | 20200827171529.0 | ||
| 008 | 200827b tu ||||| |||| 00| 0 tur d | ||
| 020 | _a9751603978 | ||
| 040 |
_aTR-AnCHP _btur _cTR-AnCHP |
||
| 041 | _atur | ||
| 082 |
_a417.02 _bY87k 1991 |
||
| 100 | _aYusuf Has Hacib | ||
| 245 |
_aKutadgu Bilig/ _cYusuf Has Hacib; çeviren Reşit Rahmeti Arat. |
||
| 260 |
_aAnkara: _bTürk Dil Kurumu Yayınları, _c1991. |
||
| 300 |
_a655 s. _c24 sm. |
||
| 490 |
_aTürk Dil Kurumu Yayınları; _v458. |
||
| 650 |
_aUygur Dili _xMetinler |
||
| 650 |
_aTürk dili _xTarih |
||
| 942 |
_2ddc _cBKS |
||